书目信息 |
| 题名: |
新编美国文学史(3)
|
|
| 作者: | 刘海平 , 王守仁 主编 ;杨金才主 撰 | |
| 分册: | ||
| 出版信息: | 上海 上海外语教育出版社 2002.12 |
|
| 页数: | 853页 | |
| 开本: | 21cm | |
| 丛书名: | ||
| 单 册: | ||
| 中图分类: | I , I712.09 | |
| 科图分类: | ||
| 主题词: | 文学 | |
| 电子资源: | ||
| ISBN: | 7-81080-569-X | |
| 000 | 00700nam0 2200217 45 | |
| 001 | 0356532649 | |
| 005 | 2003062615421264 | |
| 010 | @a7-81080-569-X@dRMB 48.60 | |
| 100 | @a20030626d2002 km y0chiy0120 ea | |
| 101 | 0 | @achi |
| 200 | 1 | @a新编美国文学史(3)@Axin bian mei guo wen xue shi(3)@f刘海平,王守仁主编@FLiu Hai Ping,Wang Shou Ren Zhu Bian@g杨金才主撰@GYang Jin Cai Zhu Zhuan |
| 210 | @a上海@c上海外语教育出版社@d2002.12 | |
| 215 | @a853页@d21cm | |
| 606 | 0 | @a文学 |
| 690 | @aI@v4 | |
| 690 | @aI712.09@v3 | |
| 701 | 0 | @a刘海平@ALiu Hai Ping@4主编 |
| 701 | 0 | @a王守仁@AWang Shou Ren@4主编 |
| 702 | 0 | @a杨金才主@AYang Jin Cai Zhu@4撰 |
| 801 | 0 | @aCN@bPFT@c20030626 |
| 905 | @a@dI712.09@eL620:3 | |
| 新编美国文学史(3)/刘海平,王守仁主编/杨金才主撰.-上海:上海外语教育出版社,2002.12 |
| 853页;21cm |
| ISBN 7-81080-569-X:RMB 48.60 |
| ● |
| 相关链接 |
|
|
|
正题名:新编美国文学史(3)
索取号:I712.09/L620:3
 
预约/预借
| 序号 | 登录号 | 条形码 | 馆藏地/架位号 | 状态 | 备注 |
| 1 | 370768 | 203707685 | 文学库116/116文学库 25排4列1层/ [索取号:I712.09/L620:3] | 在馆 | |
| 2 | 370769 | 203707694 | 社科二线400B/400B社科库 4排3列4层/ [索取号:I712.09/L620:3] | 在馆 |